| 000 | 01534nas a2200277Ia 4500 | ||
|---|---|---|---|
| 001 | R052-S5786 | ||
| 003 | IT-CnALBA | ||
| 008 | 170116c99999999xx |||||||||||| ||und|| | ||
| 040 |
_aIT-CnALBA _cIT-CnALBA |
||
| 041 | _aITALIANO | ||
| 100 | _aMANENTI ALESSANDRO | ||
| 210 | _aTESTIMONI | ||
| 222 | _aTESTIMONI | ||
| 245 | 0 | _aTESTIMONI. GENNAIO DICEMBRE 1988. INFORMAZIONE E AGGIORNAMENTO ISTITUTI VITA RELIGIOSA. | |
| 250 | _a1a ed. | ||
| 260 |
_a BOLOGNA - NAPOLI _bDEHONIANE EDIZIONI _c1988 [1° Ed.:1988 - Ed.Ling.Originale: 1988] |
||
| 300 | _a16 p. | ||
| 310 | _aQUINDICINALE | ||
| 362 | _aFascicolo: 1-21 / (1988) | ||
| 500 | _aSEGNALI DI PACE. TESTIMONIANZA. PERSONAGGI E INTERPRETI. PIÙ SPAZIO ALLE DONNE. FORZA DELLA PAROLA IN COMUNITÀ. RIPRESA VITA RELIGIOSA TRA PROTESTANTI. VITA CON IL POPOLO. NUOVE POVERTÀ. RISPOSTE. OLTRE IL SINODO. DIMITRIOS PRIMO A ROMA. RELIGIOSI IN AMERICA LATINA. PREZZI L. MORO P. PEGORARO C. B. TACCONE F. SOMMARUGA G. DALL'OSTO A. | ||
| 501 | _aSocietà San Paolo EM - Piazza San Paolo, 14 - 12051 ALBA (CN) (non commercial uses only) ® Copyright 2017 | ||
| 520 | _aSEGNALI DI PACE. TESTIMONIANZA. PERSONAGGI E INTERPRETI. PIÙ SPAZIO ALLE DONNE. FORZA DELLA PAROLA IN COMUNITÀ. RIPRESA VITA RELIGIOSA TRA PROTESTANTI. VITA CON IL POPOLO. NUOVE POVERTÀ. RISPOSTE. OLTRE IL SINODO. DIMITRIOS PRIMO A ROMA. RELIGIOSI IN AMERICA LATINA. PREZZI L. MORO P. PEGORARO C. B. TACCONE F. SOMMARUGA G. DALL'OSTO A. | ||
| 650 | _aVITA CONSACRATA | ||
| 942 | _cCR | ||
| 957 | _71 | ||
| 999 |
_a67893 _bNO _g1 _c333956 _d333956 |
||